England National Soccer Players - Sudden Death - Statistics

General Stats
  • This quiz has been taken 2,073 times
    2,063 since last reset
  • The average score is 12 of 15
Answers on the Grid
Answers color-coded by a green-red scale on the quiz's grid according to % correct below.
Jordan Pickford
Dean Henderson
Pedri
Viktor Gyökeres
Trent Alexander-Arnold
Victor Osimhen
Kyle Walker
Declan Rice
William Saliba
Curtis Jones
Alexander Isak
Nico Williams
Kylian Mbappé
Jude Bellingham
Eduardo Camavinga
Cole Palmer
Florian Wirtz
Lamine Yamal
Jack Grealish
Phil Foden
Bukayo Saka
Harry Kane
Xavi Simons
Harry Wilson
Leci Colwill
Bruno Guimarães
Jamal Musiala
Conor Gallagher
Evan Ferguson
Ezri Konsa
 
Answer Stats
Answer % Correct
Jordan Pickford
98%
Kyle Walker
94%
Trent Alexander-Arnold
94%
Declan Rice
93%
Cole Palmer
89%
Jack Grealish
89%
Jude Bellingham
88%
Phil Foden
88%
Harry Kane
87%
Bukayo Saka
86%
Dean Henderson
83%
Curtis Jones
79%
Conor Gallagher
72%
Leci Colwill
58%
Ezri Konsa
50%
No matching quizzes found
Score Distribution
Percent of People with Each Score
Percentile by Number Answered
Your Score History
You have not taken this quiz since the last reset